Statistics for Most Guessed Cities in Africa - Not Capitals

Click here to take the quiz!

General Stats

  • This quiz has been taken 72 times
  • The average score is 12 of 21

Answer Stats

%City% Correct
96Alexandria
95%
95Casablanca
95%
99Lagos
95%
97Johannesburg
89%
92Dar-es-Salaam
77%
81Marrakesh
73%
76Mombasa
66%
86Durban
64%
81Fez
63%
78Kano
58%
84Abidjan
53%
67Oran
48%
64Benghazi
47%
75Gqeberha / Port Elizabeth
45%
70Luxor
45%
65Tangier
41%
66Ibadan
38%
65Douala
33%
60Benin City
30%
60Cotonou
23%
64Bujumbura
16%

Score Distribution

Percentile by Number Answered

Percent of People with Each Score

Your Score History

You have not taken this quiz